000 01035nmc a2200337 a 4500
003 AR-BaBNM
005 20251128204335.0
008 011101s1989 ||||||||||||||000 | spa||
020 _a84-7046-336-5
040 _cAR-BaBNM
100 1 _aErrázuriz Vidal, Pilar
245 1 0 _aAprender jugando
_bpreparación para la lectura y escritura
260 _aMadrid
_bCincel-Kapelusz
_c1989
300 _a115 p.
_bcuadros, gráfs., il.
490 0 _aTemas de educación preescolar
_vv. 10
500 _aContiene referencias bibliográficas
650 4 _aENSENANZA DE LA LECTURA
650 4 _aENSENANZA DE LA ESCRITURA
650 4 _aJUEGOS EDUCATIVOS
650 4 _aMETODOS DE ENSENANZA
650 4 _aMATERIAL DIDACTICO
650 4 _aACTIVIDADES DE APRENDIZAJE
650 4 _aTECNICAS DIDACTICAS
653 _aEDUCACION INICIAL
653 _aLECTOESCRITURA
653 _aPROCESO DE ENSENANZA-APRENDIZAJE
700 1 _aMartín, Lilia
800 1 _aRioja Gómez, José
_ecoordinador
_eeditor
942 _cBK
998 _cGrace
999 _c7082
_d7082